000 00310nam a22001337a 4500
082 _a001
_bMAN/L
100 _aMANGALATH,GOPI
245 _aLIFE SKETCHES OF FAMOUS PERSONALITIES
250 _aFIRST
260 _aTHRISSUR
_bH& C PUBLISHING HOUSE
300 _a64
650 _aBIOGRAPHY
_zTHRISSUR
942 _cBK
999 _c6327
_d6327